000 00714nam a22002297a 4500
999 _c11682
_d11682
008 160711b xxu||||| |||| 00| 0 eng d
020 _a9780205697410
020 _a0205697410
050 _aN 5300 .J3 2007
100 _aDavies, Penelope .J E.
245 _aJanson's History of Art:
_bThe Middle Ages /
_cPenelope J E Davies...[et al].
250 _a7th ed.
_bPortable ed
260 _aUpper Saddle River, N.J. :
_bPearson Prentice Hall,
_c©2007.
300 _aix 467[21]p. :
_bill. ;
_c30 cm
504 _aIncludes bibliographical references and index
650 _aArt
_xHistory
700 _aSimon, David L.
700 _aDenny, Walter B.
700 _aRoberts, Ann M.
700 _aHofrichter, Fox Frima
700 _aJacobs, Joseph
942 _2lcc
_cBOOKS
_hN 5300 .J3 2007
_01